Loading...
Literature - American Literature | 0 | 11 | 0 | 0 | 110 | 36 | 74.18 | 1 | 5 |
Science - Physics | 0 | 10 | 2 | 2 | 90 | 27 | 60.80 | 5 | 10 |
Science - Chemistry | 0 | 9 | 1 | 1 | 85 | 32 | 57.89 | 2 | 6 |
Literature - World Literature | 0 | 7 | 0 | 0 | 70 | 54 | 82.29 | 0 | 4 |
Literature - British Literature | 0 | 7 | 1 | 0 | 65 | 29 | 78.43 | 3 | 4 |
Science - Biology | 0 | 7 | 2 | 0 | 60 | 43 | 59.71 | 1 | 6 |
Fine Arts - Classical Music | 0 | 6 | 2 | 0 | 50 | 70 | 83.67 | 1 | 5 |
Religion | 0 | 5 | 0 | 1 | 50 | 84 | 98.40 | 0 | 0 |
Mythology | 0 | 6 | 2 | 0 | 50 | 37 | 63.83 | 2 | 4 |
History - European History | 0 | 5 | 1 | 2 | 45 | 41 | 78.60 | 1 | 1 |
Literature - European Literature | 0 | 5 | 1 | 0 | 45 | 61 | 96.00 | 0 | 2 |
Fine Arts - Other Fine Arts | 0 | 5 | 1 | 0 | 45 | 51 | 78.60 | 2 | 2 |
Current Events | 0 | 4 | 1 | 0 | 35 | 41 | 67.25 | 0 | 1 |
History - Other History | 0 | 4 | 1 | 0 | 35 | 61 | 81.75 | 0 | 1 |
Science - Other Science | 0 | 6 | 5 | 0 | 35 | 30 | 72.17 | 1 | 3 |
Social Science | 0 | 3 | 1 | 1 | 25 | 45 | 70.67 | 0 | 1 |
History - American History | 0 | 3 | 2 | 1 | 20 | 72 | 84.00 | 1 | 1 |
Philosophy | 0 | 3 | 2 | 0 | 20 | 73 | 83.00 | 0 | 2 |
Painting/Sculpture | 0 | 3 | 4 | 1 | 10 | 54 | 84.67 | 2 | 2 |
History - World History | 0 | 2 | 2 | 0 | 10 | 83 | 85.00 | 0 | 1 |
Geography | 0 | 1 | 0 | 1 | 10 | 104 | 104.00 | 0 | 0 |